00325nam a2200109Ia 4500082001900000245003300019260005400052300002000106504003300126650002800159650002800187 aRR 920.02 INT; 0aInternational book of honour aCaliforniabAmerican Biographical Institutec1987 aclxxxiii, 419p. aIncludes appendixes/Ref.book aBiography - Directories aCelebrities - Biography